[Event "Warsaw Cup"]
[Site "Warsaw"]
[Date "1987.??.??"]
[Round "5"]
[White "Brdicko, Petr"]
[Black "Kamys, Stanislaw"]
[Result "1-0"]
[WhiteElo "2260"]
[BlackElo "2205"]
[PlyCount "151"]
[EventDate "1987.04.??"]
[EventType "swiss"]
[EventRounds "11"]
[EventCountry "POL"]
[SourceTitle "EXT 2001"]
[Source "ChessBase"]
[SourceDate "2000.11.22"]
[SourceVersion "1"]
[SourceVersionDate "2000.11.22"]
[SourceQuality "1"]

1. e4 e5 2. Nf3 Nc6 3. Bb5 g6 4. c3 Bg7 5. d3 Nge7 6. 0-0 0-0 7. Re1 d6 8. h3 h6 9. Nbd2 f5 10. Bc4+ Kh7 11. b4 fxe4 12. dxe4 Qe8 13. Nf1 Nd8 14. N3h2 Ne6 15. Ne3 Nf4 16. Nhf1 Bd7 17. Ng3 h5 18. f3 Qc8 19. Qc2 Qd8 20. Kh2 Nc8 21. Qf2 Nb6 22. Bf1 a5 23. Nc4 Nxc4 24. Bxc4 Qh4 25. Nh1 Qf6 26. h4 Be6 27. Bxe6 Qxe6 28. Rd1 Qc4 29. Be3 Rf7 30. Qd2 axb4 31. cxb4 Ra3 32. Nf2 Qe6 33. g3 Bh6 34. Qc1 Rxa2 35. Rxa2 Qxa2 36. Rd2 Qb3 37. Rb2 Nd3 38. Nxd3 Qxd3 39. Bxh6 Qxf3 40. Qe3 Qd1 41. Bg5 Rf1 42. Kg2 Kg7 43. b5 Kf8 44. b6 Rf7 45. bxc7 Rxc7 46. Rd2 Qb1 47. Rxd6 Rc2+ 48. Rd2 Rxd2+ 49. Qxd2 Qxe4+ 50. Kh2 Qf3 51. Qe3 Qf5 52. Qc5+ Kg8 53. Qd5+ Qf7 54. Qxf7+ Kxf7 55. Kg2 Ke6 56. Kf3 Kf5 57. Bd8 b5 58. Be7 Ke6 59. Bb4 Kd5 60. Ke3 Ke6 61. Ke4 Kf6 62. Bc3 g5 63. Bxe5+ Kg6 64. Bc7 b4 65. Bd8 gxh4 66. Bxh4 b3 67. Kd3 Kf5 68. Kc3 Ke4 69. Kxb3 Kd3 70. Bf6 Ke3 71. Kc4 Kf3 72. Bh4 Ke4 73. Kc5 Ke5 74. Kc6 Ke6 75. Kc7 Ke5 76. Kd7 1-0